2025 Formula 1 Drivers - Statistics

General Stats
  • This quiz has been taken 154 times
  • The average score is 18 of 20
Answer Stats
Hint Answer % Correct
Ferrari Lewis Hamilton
98%
Red Bull Max Verstappen
98%
Ferrari Charles Leclerc
97%
Mercedes Kimi Antonelli
95%
Mclaren Lando Norris
95%
Mercedes George Russell
93%
Red Bull Liam Lawson
93%
RB Yuki Tsunoda
93%
Mclaren Oscar Piastri
92%
Aston Martin Fernando Alonso
90%
Alpine Pierre Gasly
90%
Haas Esteban Ocon
89%
Williams Carlos Sainz
88%
Aston Martin Lance Stroll
88%
Williams Alex Albon
87%
Kick Sauber Nico Hulkenberg
87%
Haas Oliver Bearman
85%
RB Isack Hadjar
81%
Kick Sauber Gabriel Bortoleto
80%
Alpine Jack Doohan
77%
No matching quizzes found
Score Distribution
Percent of People with Each Score
Percentile by Number Answered
Your Score History
You have not taken this quiz